| 000 | 00387nam a22001337a 4500 | ||
|---|---|---|---|
| 090 | _c | ||
| 008 | 090203t xxu||||| |||| 00| 0 eng d | ||
| 020 | _a8172245270 | ||
| 082 |
_222 _a657.42 _bCHA |
||
| 245 |
_aCost and Management Accounting For Managers/ _cB. K. Chatterjee |
||
| 260 |
_aMumbai, India: _bJAico Publishing House, _c2007 |
||
| 300 |
_a462p.: _bill.; _c22 cm. |
||
| 942 |
_2ddc _cBB |
||
| 999 |
_c10626 _d10626 |
||